Memphis Grizzlies leading scorers each game (2024-2025 season) - Statistics

General Stats
  • This quiz has been taken 13 times
  • The average score is 6 of 10
Answer Stats
# of games Player % Correct
25 Ja Morant
100%
29 Jaren Jackson Jr.
100%
16 Desmond Bane
92%
1 Jaylen Wells
69%
5 Santi Aldama
62%
2 Zach Edey
62%
1 Luke Kennard
46%
1 Marcus Smart
38%
1 Scotty Pippen Jr.
38%
1 Lamar Stevens
15%
No matching quizzes found
Score Distribution
Percent of People with Each Score
Percentile by Number Answered
Your Score History
You have not taken this quiz